[Event "Open SSM Luglio"]
[Site "Milano ITA"]
[Date "2013.07.07"]
[Round "5"]
[White "Tarelli, Daniele"]
[Black "Ganci, Stefano"]
[WhiteElo "1943"]
[BlackElo "1947"]
[Result "1-0"]
[PlyCount "137"]
[EventDate "2013.07.04"]

1. e4 b6 2. Nf3 Bb7 3. Nc3 e6 4. d4 Bb4 5. Bd3 Nf6 6. Qe2 d5 7. e5 Ne4 8. Bd2
Nxd2 9. Qxd2 c5 10. a3 Bxc3 11. Qxc3 Nd7 12. h4 Qc7 13. b4 Rc8 14. bxc5 bxc5
15. Rb1 cxd4 16. Qxd4 Nc5 17. Bb5+ Ke7 18. O-O a6 19. Be2 Rhd8 20. Qg4 Kf8 21.
Ng5 Qxe5 22. Nxh7+ Kg8 23. Ng5 Rc7 24. Rfe1 Qf6 25. Rb4 Ne4 26. Nxe4 dxe4 27.
Reb1 Rdd7 28. Rb6 a5 29. Ba6 Bc6 30. Bb5 Bxb5 31. Rb8+ Rd8 32. R1xb5 Rxc2 33.
Rxd8+ Qxd8 34. Qxe4 Rc1+ 35. Kh2 Qc7+ 36. Qe5 Qxe5+ 37. Rxe5 Rc4 38. Rxa5 Rxh4+
39. Kg3 Rd4 40. Ra8+ Kh7 41. a4 Kg6 42. a5 Kf5 43. a6 Rd3+ 44. f3 g5 45. Rf8
Rd7 46. Rb8 Ra7 47. Rb5+ Kg6 48. Ra5 f5 49. Kf2 Kf6 50. Ke3 Ke7 51. Kd4 Kd6 52.
Kc4 Kc6 53. Kd4 Kd6 54. Ra1 e5+ 55. Kc4 g4 56. fxg4 fxg4 57. Kd3 Kc5 58. Ke4
Kd6 59. Rh1 Re7 60. Ra1 Ra7 61. Kf5 g3 62. Ra5 Rf7+ 63. Kg4 Ra7 64. Kxg3 Ke6
65. Kg4 Kf6 66. Kf3 Kf5 67. g4+ Kf6 68. Ke4 Ke6 69. Rxe5+ 1-0

[Event "I Open"]
[Site "Omegna ITA"]
[Date "2013.07.04"]
[Round "1"]
[White "Arabia, Allan"]
[Black "Benenati, Gianfranco"]
[WhiteElo "1534"]
[BlackElo "1855"]
[Result "0-1"]
[PlyCount "70"]
[EventDate "2013.07.04"]

1. d4 Nf6 2. c4 g6 3. Nc3 Bg7 4. Nf3 d6 5. g3 c6 6. Bg2 O-O 7. O-O Nbd7 8. e4
e5 9. Be3 Qc7 10. h3 b6 11. Qd2 Ba6 12. Rfd1 Rad8 13. b3 Rfe8 14. Rac1 exd4 15.
Nxd4 Nc5 16. Bg5 Rd7 17. Qc2 Ne6 18. Bxf6 Bxf6 19. Nxc6 Bxc3 20. Nxa7 Bg7 21.
Nb5 Bxb5 22. cxb5 Qxc2 23. Rxc2 Nd4 24. Rc4 Nxb5 25. Rc6 Rb7 26. Bf1 Nd4 27.
Rc4 Ne6 28. Rc6 Nd4 29. Rc4 Nf3+ 30. Kg2 Ng5 31. f4 Ne6 32. Rc6 Bf8 33. Bb5 Rc7
34. Rxc7 Nxc7 35. Rc1 Nxb5 0-1

[Event "I Open"]
[Site "Omegna ITA"]
[Date "2013.07.04"]
[Round "1"]
[White "Baradaran, Arman"]
[Black "Patrignani, Tiziano"]
[WhiteElo "1858"]
[BlackElo "1542"]
[Result "0-1"]
[PlyCount "38"]
[EventDate "2013.07.04"]

1. d4 d5 2. c4 c6 3. Nf3 Nf6 4. e3 e6 5. Nc3 Nbd7 6. Qc2 Be7 7. Bd3 dxc4 8.
Bxc4 b5 9. Bd3 a6 10. e4 h6 11. Be3 Bb7 12. e5 Nd5 13. Nxd5 cxd5 14. O-O Rc8
15. Qe2 O-O 16. Nd2 Nb6 17. Qg4 f5 18. Qg6 Kh8 19. Qxe6 Rc6 0-1

[Event "I Open"]
[Site "Omegna ITA"]
[Date "2013.07.04"]
[Round "1"]
[White "Bargeri, Ludovico"]
[Black "Giovarruscio, Gabriele"]
[WhiteElo "2054"]
[BlackElo "1715"]
[Result "1-0"]
[PlyCount "63"]
[EventDate "2013.07.04"]

1. d4 d5 2. c4 c6 3. Nf3 Nf6 4. Qc2 e6 5. Bg5 Nbd7 6. Nc3 Qa5 7. Bd2 Bb4 8.
cxd5 exd5 9. e3 O-O 10. Bd3 Re8 11. O-O Qd8 12. a3 Bd6 13. b4 a6 14. Rfb1 Nf8
15. h3 g6 16. a4 Ne6 17. Be1 Ng7 18. b5 axb5 19. axb5 Rxa1 20. Rxa1 Bf5 21.
Bxf5 Nxf5 22. bxc6 bxc6 23. Ne2 Qc8 24. Rb1 Ne7 25. Rb2 Qa6 26. Bb4 Bxb4 27.
Rxb4 Nd7 28. Nf4 Ra8 29. Nd3 Qa2 30. Qxa2 Rxa2 31. Rb7 Nf6 32. Rxe7 1-0

[Event "I Open"]
[Site "Omegna ITA"]
[Date "2013.07.04"]
[Round "1"]
[White "Bianchi, Simone"]
[Black "Crolla, Roberto"]
[WhiteElo "1814"]
[BlackElo "1451"]
[Result "1-0"]
[PlyCount "95"]
[EventDate "2013.07.04"]

1. e4 d6 2. d4 Nf6 3. Nc3 g6 4. Be2 Bg7 5. Nf3 O-O 6. Bf4 c5 7. d5 Qb6 8. Rb1
Qa5 9. O-O a6 10. a4 Bd7 11. Bd2 Qd8 12. Re1 Qe8 13. a5 Qd8 14. b4 cxb4 15.
Rxb4 Qxa5 16. Rxb7 Qd8 17. Qb1 e6 18. Bd3 exd5 19. exd5 Re8 20. Be3 Ng4 21. Ne4
Nxe3 22. Rxe3 Bf5 23. Neg5 Rxe3 24. fxe3 Bxd3 25. Nxf7 Bxc2 26. Nxd8 Bxb1 27.
Rxb1 a5 28. Rb3 a4 29. Ra3 Bb2 30. Ra2 a3 31. Nd2 Na6 32. Nc6 Nc5 33. Nc4 Bc1
34. Kf2 Ra6 35. Nxd6 Na4 36. Ne4 Kf8 37. Nb4 Rb6 38. Nc2 Rb2 39. Rxb2 axb2 40.
Na3 Nb6 41. Nc3 Ke7 42. Ke2 Kd6 43. e4 Ke5 44. Kd3 Nd7 45. Kc2 Nc5 46. Nc4+ Kd4
47. Nxb2 Bxb2 48. Kxb2 1-0

[Event "I Open"]
[Site "Omegna ITA"]
[Date "2013.07.04"]
[Round "1"]
[White "Cavagna, Marco"]
[Black "Mantovan, Giuseppe"]
[WhiteElo "1461"]
[BlackElo "1825"]
[Result "0-1"]
[PlyCount "80"]
[EventDate "2013.07.04"]

1. d4 d5 2. Nf3 Nf6 3. Bf4 c6 4. e3 Bg4 5. Be2 Qb6 6. b3 Nbd7 7. Nbd2 g6 8. O-O
Nh5 9. Ne5 Bxe2 10. Qxe2 Nxf4 11. exf4 Nf6 12. c4 Bg7 13. c5 Qc7 14. Rfe1 O-O
15. Ndf3 Ne4 16. Qc2 Rfe8 17. Nd2 Nf6 18. f5 g5 19. h3 Rad8 20. Ndf3 h6 21. g4
Ne4 22. a4 e6 23. Kg2 exf5 24. gxf5 Qc8 25. Rh1 Qxf5 26. Raf1 Qc8 27. Rfg1 Re6
28. Kf1 Rde8 29. h4 f6 30. Ng4 h5 31. Ne3 g4 32. Ne1 Nxf2 33. Qxf2 Rxe3 34. Rg3
Rxe1+ 35. Qxe1 Rxe1+ 36. Kxe1 Qe6+ 37. Kf2 Qe4 38. Rd1 f5 39. Rgd3 f4 40. Kf1
Qe7 0-1

[Event "I Open"]
[Site "Omegna ITA"]
[Date "2013.07.04"]
[Round "1"]
[White "Chiodini, Pietro"]
[Black "Salvati, Marcello"]
[WhiteElo "1784"]
[BlackElo "1422"]
[Result "1-0"]
[PlyCount "63"]
[EventDate "2013.07.04"]

1. b3 Nf6 2. Bb2 d6 3. d4 c6 4. Nd2 Bf5 5. g3 d5 6. Bg2 e6 7. Ngf3 Be7 8. Ne5
Nbd7 9. O-O Bd6 10. Ndf3 Qc7 11. a4 Ng4 12. Nd3 f6 13. h3 Nh6 14. Re1 O-O 15.
Nh4 Rae8 16. e4 Bxh3 17. Bxh3 Bxg3 18. Ng2 Bd6 19. e5 fxe5 20. dxe5 Bc5 21. b4
Bxf2+ 22. Nxf2 Qb6 23. Bd4 Qxb4 24. Rb1 Qe7 25. Rxb7 a6 26. Nd3 Nf5 27. Bc5
Qxc5+ 28. Nxc5 Nxc5 29. Rc7 Ne4 30. Bxf5 Rxf5 31. Rxe4 dxe4 32. Qd7 1-0

[Event "I Open"]
[Site "Omegna ITA"]
[Date "2013.07.04"]
[Round "1"]
[White "Faraci, Libero"]
[Black "Boschetti, Claudio"]
[WhiteElo "1729"]
[BlackElo "2134"]
[Result "0-1"]
[PlyCount "80"]
[EventDate "2013.07.04"]

1. c4 c5 2. Nf3 Nc6 3. Nc3 e5 4. d3 g6 5. g3 Bg7 6. Bg2 Nge7 7. O-O O-O 8. Nd5
h6 9. a3 d6 10. h3 f5 11. e4 g5 12. Bxg5 hxg5 13. Nxg5 Nxd5 14. cxd5 Qxg5 15.
dxc6 bxc6 16. exf5 Bxf5 17. h4 Qg4 18. Bxc6 Rab8 19. Bd5+ Kh8 20. b3 Qxd1 21.
Rfxd1 e4 22. Ra2 exd3 23. Bc4 Bd4 24. Bxd3 Rxb3 25. Bxf5 Rxf5 26. Kg2 Rff3 27.
Re1 Be5 28. a4 Kg7 29. Re4 Kf7 30. h5 Kg7 31. Rae2 Kf6 32. Rg4 Kf5 33. Rg8 Rfd3
34. h6 Rb7 35. g4+ Kf4 36. g5 Rh7 37. Rxe5 dxe5 38. g6 Rxh6 39. g7 Rg6+ 40. Kf1
Ke4 0-1

[Event "I Open"]
[Site "Omegna ITA"]
[Date "2013.07.04"]
[Round "1"]
[White "Fattorelli, Luciano"]
[Black "Rossi, Emanuele"]
[WhiteElo "1932"]
[BlackElo "1564"]
[Result "1-0"]
[PlyCount "79"]
[EventDate "2013.07.04"]

1. Nf3 d5 2. c4 Nf6 3. cxd5 Nxd5 4. e4 Nb6 5. d4 e6 6. Nc3 Bb4 7. a3 Bxc3+ 8.
bxc3 N8d7 9. a4 a5 10. Ba3 Nf6 11. Bd3 Bd7 12. Bc2 Nc4 13. Bc1 O-O 14. O-O h6
15. e5 Nd5 16. Qd3 f5 17. Qxc4 g5 18. Re1 Rf7 19. Qd3 Rg7 20. Bb3 c6 21. c4 Nb4
22. Qc3 Qe8 23. Bb2 Qh5 24. d5 cxd5 25. cxd5 Rc8 26. Qd2 Kh7 27. Rac1 g4 28.
Nd4 Rcg8 29. Nxe6 Bxe6 30. dxe6 g3 31. hxg3 Rg4 32. Bd1 Qg5 33. Qxg5 R4xg5 34.
Rc7+ Kg6 35. Bc1 Nd3 36. Bxg5 Nxe1 37. Bd2 Nd3 38. f4 Re8 39. e7 Kf7 40. Bh5+
1-0

[Event "I Open"]
[Site "Omegna ITA"]
[Date "2013.07.04"]
[Round "1"]
[White "Ferri, Antonio"]
[Black "Migliorini, Matteo"]
[WhiteElo "1650"]
[BlackElo "2006"]
[Result "0-1"]
[PlyCount "34"]
[EventDate "2013.07.04"]

1. d4 Nf6 2. c4 g6 3. Nc3 d5 4. Nf3 Bg7 5. Bg5 Ne4 6. Nxd5 Nxg5 7. Nxg5 e6 8.
Nxf7 Kxf7 9. Nf4 Qxd4 10. Nd3 Rd8 11. e3 Qf6 12. f4 Nc6 13. a3 b6 14. h4 Bb7
15. Rh3 Kg8 16. h5 e5 17. Qg4 Bc8 0-1

[Event "I Open"]
[Site "Omegna ITA"]
[Date "2013.07.04"]
[Round "1"]
[White "Frignani, Alessandro"]
[Black "Vitale, Alessandro"]
[WhiteElo "1401"]
[BlackElo "1774"]
[Result "0-1"]
[PlyCount "90"]
[EventDate "2013.07.04"]

1. e4 e5 2. Bc4 Nf6 3. Qf3 Bc5 4. Ne2 O-O 5. O-O d5 6. Bxd5 Bg4 7. Qd3 c6 8.
Bc4 b5 9. Qxd8 Rxd8 10. Bd3 Rxd3 11. cxd3 Bxe2 12. Re1 Bxd3 13. Nc3 Bd4 14. Ne2
Nxe4 15. Nxd4 exd4 16. f3 Nf6 17. b3 Nbd7 18. g4 Nd5 19. Bb2 c5 20. Rac1 Kf8
21. Kf2 a5 22. a3 Nf4 23. h4 Bg6 24. Kg3 Nd3 25. h5 Bxh5 26. gxh5 Nxe1 27. Rxe1
Re8 28. Rxe8+ Kxe8 29. b4 axb4 30. axb4 cxb4 31. Bxd4 b3 32. Kf2 Nc5 33. Ke2 g5
34. d3 f5 35. Kd2 Na4 36. Be5 Kd7 37. Bf6 g4 38. fxg4 fxg4 39. Be5 Ke6 40. d4
b2 41. Kc2 Kd5 42. h6 b4 43. Kb1 b3 44. Bg3 Kxd4 45. Be5+ Ke4 0-1

[Event "I Open"]
[Site "Omegna ITA"]
[Date "2013.07.04"]
[Round "1"]
[White "Grigioni, Giulio"]
[Black "Nehyba, Martin"]
[WhiteElo "1827"]
[BlackElo "1525"]
[Result "1-0"]
[PlyCount "103"]
[EventDate "2013.07.04"]

1. Nf3 Nf6 2. b3 g6 3. Bb2 Bg7 4. g3 b6 5. Bg2 Bb7 6. d3 d6 7. Nbd2 Nbd7 8. e4
e5 9. Qe2 Qe7 10. O-O O-O 11. Rae1 Rae8 12. d4 d5 13. dxe5 Nxe4 14. Nxe4 dxe4
15. Nd2 Bxe5 16. Bxe5 Qxe5 17. Nxe4 f5 18. Qd2 Qg7 19. Ng5 Bxg2 20. Kxg2 Nc5
21. b4 Qd7 22. Qxd7 Nxd7 23. Ne6 Rf7 24. Nxc7 Rc8 25. Re8+ Rf8 26. Rxf8+ Nxf8
27. Nd5 Rxc2 28. Re1 Rxa2 29. Re7 a5 30. Nf6+ Kh8 31. bxa5 bxa5 32. Rf7 a4 33.
h4 a3 34. Ra7 Ra1 35. h5 gxh5 36. Nxh5 a2 37. Nf6 Rb1 38. Rxa2 Rb6 39. Nd5 Rb5
40. Nf4 Ng6 41. Nh5 Rb8 42. Ra7 Rf8 43. f4 Rb8 44. Rf7 Rf8 45. Rd7 Rb8 46. Nf6
Nf8 47. Kh3 Rb6 48. Rf7 Rb8 49. Kh4 h6 50. Kh5 Rb1 51. Kxh6 Rb8 52. Rg7 1-0

[Event "I Open"]
[Site "Omegna ITA"]
[Date "2013.07.04"]
[Round "1"]
[White "Lilja, Olavi Jouko"]
[Black "Buzio, Alberto"]
[WhiteElo "1545"]
[BlackElo "1863"]
[Result "1/2-1/2"]
[PlyCount "70"]
[EventDate "2013.07.04"]

1. e4 c5 2. c4 Nc6 3. Nf3 g6 4. a3 Bg7 5. Be2 Nf6 6. Nc3 d6 7. Rb1 a5 8. d3 O-O
9. Bd2 e5 10. Nb5 h6 11. b4 axb4 12. axb4 cxb4 13. O-O Qe7 14. Bxb4 Nxb4 15.
Rxb4 d5 16. Ra4 Rxa4 17. Qxa4 dxe4 18. dxe4 Nxe4 19. Qc2 Ng5 20. Nd2 Bf5 21.
Qb3 Qc5 22. Nc3 e4 23. Nd5 Bd4 24. Ne3 Be6 25. Kh1 Rd8 26. Rd1 Bxe3 27. fxe3 b6
28. h4 Qa5 29. Qc2 Nh7 30. Nxe4 Rxd1+ 31. Qxd1 Qe5 32. Qd8+ Kg7 33. Qd4 Qxd4
34. exd4 f5 35. Nc3 Bd7 1/2-1/2

[Event "I Open"]
[Site "Omegna ITA"]
[Date "2013.07.04"]
[Round "1"]
[White "Luciani, Valerio"]
[Black "Agnello, Francesco Claudio"]
[WhiteElo "2260"]
[BlackElo "1735"]
[Result "1-0"]
[PlyCount "39"]
[EventDate "2013.07.04"]

1. d4 d5 2. c4 e6 3. Nc3 f5 4. f3 Nf6 5. Bg5 Be7 6. e3 c6 7. Bd3 Na6 8. a3 Nc7
9. Nge2 O-O 10. O-O Qe8 11. c5 Bd7 12. Bf4 Rc8 13. b4 Nh5 14. Be5 Bf6 15. g4
Bxe5 16. dxe5 Kh8 17. gxh5 Qxh5 18. f4 g5 19. Ng3 Qh6 20. Qh5 1-0

[Event "I Open"]
[Site "Omegna ITA"]
[Date "2013.07.04"]
[Round "1"]
[White "Lugli, Andrea"]
[Black "Angelini, Marco"]
[WhiteElo "1762"]
[BlackElo "2265"]
[Result "0-1"]
[PlyCount "48"]
[EventDate "2013.07.04"]

1. c4 e6 2. g3 Nf6 3. Bg2 Be7 4. Nf3 d5 5. O-O O-O 6. b3 b6 7. Bb2 Bb7 8. e3
Nbd7 9. Qe2 c5 10. cxd5 Nxd5 11. d4 Rc8 12. Na3 Qc7 13. e4 Nb4 14. Rad1 Nf6 15.
e5 Nfd5 16. Nc4 Ba6 17. h4 Nxa2 18. Ng5 Bxg5 19. hxg5 Nac3 20. Bxc3 Nxc3 21.
Qh5 Nxd1 22. Be4 g6 23. Qh6 Bxc4 24. Kg2 Bxf1+ 0-1

[Event "I Open"]
[Site "Omegna ITA"]
[Date "2013.07.04"]
[Round "1"]
[White "Medici, Simone"]
[Black "Maffeo, Mauro"]
[WhiteElo "2109"]
[BlackElo "1724"]
[Result "1-0"]
[PlyCount "37"]
[EventDate "2013.07.04"]

1. d4 e6 2. c4 Nf6 3. Nf3 d5 4. e3 c6 5. Bd3 Bd6 6. O-O O-O 7. Nbd2 h6 8. e4
dxe4 9. Nxe4 Nxe4 10. Bxe4 Nd7 11. b3 Nf6 12. Bc2 b6 13. Bb2 Bb7 14. Qd3 g6 15.
Rad1 Qc7 16. d5 Ng4 17. Qd4 e5 18. Qxg4 Bc8 19. Qh4 1-0

[Event "I Open"]
[Site "Omegna ITA"]
[Date "2013.07.04"]
[Round "1"]
[White "Montilli, Vincenzo"]
[Black "Zahner, Rolf"]
[WhiteElo "2015"]
[BlackElo "1667"]
[Result "1-0"]
[PlyCount "51"]
[EventDate "2013.07.04"]

1. d4 b6 2. c4 Bb7 3. Nc3 e6 4. e4 d6 5. Bd3 Nd7 6. Be3 Ngf6 7. h3 Be7 8. Nf3
O-O 9. O-O e5 10. d5 Nc5 11. Bc2 Bc8 12. b4 Ncd7 13. Rc1 Ne8 14. Nd2 Nb8 15.
Nb3 f5 16. exf5 Bxf5 17. Bxf5 Rxf5 18. Ne4 Nd7 19. Qe2 Rf7 20. Rfd1 Nef6 21.
Ng5 Qe8 22. Nxf7 Qxf7 23. Qd2 Rf8 24. a3 Qg6 25. Qc2 Qf7 26. Qf5 1-0

[Event "I Open"]
[Site "Omegna ITA"]
[Date "2013.07.04"]
[Round "1"]
[White "Mottonen, Ari"]
[Black "Fischetti, Luciano"]
[WhiteElo "1989"]
[BlackElo "1585"]
[Result "1-0"]
[PlyCount "63"]
[EventDate "2013.07.04"]

1. Nf3 d5 2. g3 g6 3. Bg2 Nf6 4. O-O Bg7 5. d4 O-O 6. c4 Nc6 7. cxd5 Nxd5 8. e4
Nb6 9. d5 Ne5 10. Nxe5 Bxe5 11. f4 Bg7 12. Nc3 f5 13. e5 e6 14. dxe6 Qe7 15. a4
Rd8 16. Qe2 Qxe6 17. a5 Nd5 18. Nxd5 Rxd5 19. Bxd5 Qxd5 20. Rd1 Qc5+ 21. Be3
Qe7 22. Rac1 Be6 23. Bc5 Qf7 24. Rd4 b6 25. axb6 axb6 26. Ba3 c5 27. Rd6 Bf8
28. Rxb6 c4 29. Bxf8 Kxf8 30. Qd2 Qa7 31. Qd6+ Qe7 32. Qxe6 1-0

[Event "I Open"]
[Site "Omegna ITA"]
[Date "2013.07.04"]
[Round "1"]
[White "Nottet, Tristan"]
[Black "Siclari, Giovanni"]
[WhiteElo "1715"]
[BlackElo "2054"]
[Result "0-1"]
[PlyCount "46"]
[EventDate "2013.07.04"]

1. e4 c5 2. Nc3 e6 3. g3 d5 4. exd5 exd5 5. Bg2 Nf6 6. Nge2 d4 7. Ne4 Nxe4 8.
Bxe4 Bd6 9. O-O O-O 10. d3 Nc6 11. Nf4 Ne5 12. h3 Rb8 13. a4 b6 14. Re1 Bb7 15.
Nd5 Qd7 16. Qh5 f5 17. Bg2 Rbe8 18. Bd2 Bb8 19. Nf4 g6 20. Qd1 Bc6 21. Bh1 Rf7
22. c3 Bxh1 23. Kxh1 Qc6+ 0-1

[Event "I Open"]
[Site "Omegna ITA"]
[Date "2013.07.04"]
[Round "1"]
[White "Schingaro, Angelo"]
[Black "Wilen, Eero"]
[WhiteElo "1719"]
[BlackElo "2058"]
[Result "1/2-1/2"]
[PlyCount "51"]
[EventDate "2013.07.04"]

1. e4 c5 2. Nf3 e6 3. d4 cxd4 4. Nxd4 Nc6 5. Nc3 Nf6 6. Be3 Qc7 7. Bd3 a6 8.
O-O b5 9. Nxc6 Qxc6 10. e5 Bb7 11. f3 Bc5 12. exf6 Bxe3+ 13. Kh1 gxf6 14. Qe2
Qb6 15. Ne4 Bxe4 16. Bxe4 d5 17. Rae1 dxe4 18. Qxe3 Qxe3 19. Rxe3 exf3 20.
Rexf3 Rg8 21. Rxf6 Rg7 22. g3 Rc8 23. c3 Rd8 24. R6f4 Rd2 25. R4f2 Rxf2 26.
Rxf2 1/2-1/2

[Event "I Open"]
[Site "Omegna ITA"]
[Date "2013.07.05"]
[Round "2"]
[White "Agnello, Francesco Claudio"]
[Black "Arabia, Allan"]
[WhiteElo "1735"]
[BlackElo "1534"]
[Result "1-0"]
[PlyCount "73"]
[EventDate "2013.07.04"]

1. d4 Nf6 2. Bg5 d5 3. Bxf6 exf6 4. e3 c6 5. a3 Qb6 6. b3 Bd6 7. Nf3 Be6 8. Be2
Nd7 9. O-O O-O 10. Nbd2 Rac8 11. b4 Qc7 12. c4 dxc4 13. Bxc4 Nb6 14. Rc1 Nxc4
15. Nxc4 Bg4 16. h3 Bh5 17. Nxd6 Qxd6 18. Rc5 Bxf3 19. Qxf3 b6 20. Rc3 Rc7 21.
Rfc1 Rfc8 22. Kh1 h6 23. Qe2 c5 24. Qc2 Qd5 25. bxc5 bxc5 26. Rxc5 Rxc5 27.
dxc5 Rc6 28. Qc3 Qe5 29. Qd4 Qe6 30. Qc4 Qxc4 31. Rxc4 Kf8 32. e4 Ke7 33. f4
Ke6 34. g4 Ra6 35. c6 Kd6 36. c7 Rxa3 37. c8=Q 1-0

[Event "I Open"]
[Site "Omegna ITA"]
[Date "2013.07.05"]
[Round "2"]
[White "Angelini, Marco"]
[Black "Fattorelli, Luciano"]
[WhiteElo "2265"]
[BlackElo "1932"]
[Result "1-0"]
[PlyCount "85"]
[EventDate "2013.07.04"]

1. c4 e5 2. g3 Nc6 3. Bg2 g6 4. Nc3 d6 5. e3 Bg7 6. Nge2 Nge7 7. O-O O-O 8. h3
Be6 9. Nd5 Qd7 10. Kh2 Nd8 11. d3 f5 12. Rb1 c6 13. Nxe7+ Qxe7 14. b4 Qf7 15.
b5 c5 16. a4 Rc8 17. Nc3 e4 18. Nd5 Bxd5 19. cxd5 exd3 20. Qxd3 Qe7 21. Qc2 Nf7
22. Bb2 Bxb2 23. Qxb2 Rce8 24. Rbe1 Ne5 25. Qc2 Qf7 26. f4 Nd7 27. e4 fxe4 28.
Bxe4 Nf6 29. Bg2 Re7 30. Qd2 Rfe8 31. Rxe7 Qxe7 32. f5 Kg7 33. fxg6 hxg6 34.
Qc3 Qe5 35. Qa5 Nxd5 36. Qxa7 Ne3 37. Rf4 Re7 38. Re4 Qf6 39. Rxe7+ Qxe7 40.
Qxb7 Kf7 41. Qf3+ Ke8 42. b6 d5 43. b7 1-0

[Event "I Open"]
[Site "Omegna ITA"]
[Date "2013.07.05"]
[Round "2"]
[White "Benenati, Gianfranco"]
[Black "Luciani, Valerio"]
[WhiteElo "1855"]
[BlackElo "2260"]
[Result "0-1"]
[PlyCount "66"]
[EventDate "2013.07.04"]

1. e4 e6 2. d4 d5 3. e5 c5 4. c3 Nc6 5. Nf3 Qb6 6. Be2 Bd7 7. O-O cxd4 8. cxd4
Nge7 9. Nc3 Na5 10. Na4 Bxa4 11. Qxa4+ Nac6 12. Bd3 Ng6 13. Bg5 Be7 14. Bxe7
Ngxe7 15. Qb5 Qxb5 16. Bxb5 f6 17. exf6 gxf6 18. Rfe1 Kf7 19. Rac1 a6 20. Bd3
Rae8 21. Re3 Rc8 22. Rce1 Nd8 23. g3 Rc6 24. Nh4 Ng6 25. Ng2 Rd6 26. f4 Nc6 27.
g4 Nxd4 28. f5 exf5 29. gxf5 Ne5 30. Rd1 Rg8 31. Kh1 Rg5 32. Bb1 Rc6 33. Red3
Nxd3 0-1

[Event "I Open"]
[Site "Omegna ITA"]
[Date "2013.07.05"]
[Round "2"]
[White "Boschetti, Claudio"]
[Black "Grigioni, Giulio"]
[WhiteElo "2134"]
[BlackElo "1827"]
[Result "1-0"]
[PlyCount "51"]
[EventDate "2013.07.04"]

1. e4 c6 2. c4 d5 3. cxd5 cxd5 4. exd5 Qxd5 5. Nc3 Qa5 6. d4 Bd7 7. Nf3 Nf6 8.
Bc4 e6 9. O-O Qc7 10. Qe2 Bd6 11. Bg5 O-O 12. Ne5 a6 13. Rac1 Nc6 14. Bxf6 gxf6
15. Nxd7 Qxd7 16. d5 Ne5 17. Ne4 Qe7 18. Nxd6 Qxd6 19. dxe6 fxe6 20. Rfd1 Qb6
21. Bb3 Rae8 22. Rc3 Rc8 23. Rh3 Rf7 24. Kh1 a5 25. f4 Ng4 26. Qxg4+ 1-0

[Event "I Open"]
[Site "Omegna ITA"]
[Date "2013.07.05"]
[Round "2"]
[White "Buzio, Alberto"]
[Black "Baradaran, Arman"]
[WhiteElo "1863"]
[BlackElo "1858"]
[Result "1-0"]
[PlyCount "65"]
[EventDate "2013.07.04"]

1. e4 d5 2. exd5 Qxd5 3. Nc3 Qd6 4. d4 Nf6 5. Nf3 c6 6. Bg5 Bf5 7. Bc4 Nd5 8.
O-O Nd7 9. Re1 e6 10. Bh4 Nxc3 11. bxc3 Nb6 12. Bb3 Qc7 13. c4 Bb4 14. Re3 c5
15. d5 Qf4 16. c3 Ba3 17. Ba4+ Kf8 18. Bg3 Qxc4 19. Bb3 Qg4 20. Bd6+ Kg8 21. h3
Qg6 22. dxe6 Bxe6 23. Bxe6 fxe6 24. Ne5 Qe8 25. Qb3 Nd5 26. Rf3 Qd8 27. Rf8+
Qxf8 28. Bxf8 Kxf8 29. Qxa3 b6 30. c4 Nb4 31. Qf3+ Ke7 32. Qb7+ Kf6 33. Re1 1-0

[Event "I Open"]
[Site "Omegna ITA"]
[Date "2013.07.05"]
[Round "2"]
[White "Crolla, Roberto"]
[Black "Nottet, Tristan"]
[WhiteElo "1451"]
[BlackElo "1715"]
[Result "0-1"]
[PlyCount "80"]
[EventDate "2013.07.04"]

1. d4 Nf6 2. c4 g6 3. Nc3 d5 4. e3 Bg7 5. Nf3 O-O 6. Be2 c5 7. dxc5 Qa5 8. O-O
dxc4 9. Bxc4 Qxc5 10. Bb3 Nc6 11. Qe2 Bg4 12. Rd1 Ne5 13. Bc2 Nxf3+ 14. gxf3
Be6 15. Qf1 Rfd8 16. Rd2 Rxd2 17. Bxd2 Nd5 18. Qb5 Qxb5 19. Nxb5 Bxb2 20. Rb1
Bg7 21. e4 Nb6 22. a3 Nc4 23. Bb4 b6 24. Bb3 Ne5 25. Bxe6 fxe6 26. Kg2 Kf7 27.
Rc1 Nd3 28. Rc7 Nxb4 29. axb4 a6 30. Ra7 Rxa7 31. Nxa7 a5 32. bxa5 bxa5 33. Kf1
a4 34. Nb5 Bb2 35. Ke2 a3 36. Nxa3 Bxa3 37. Kd3 Kf6 38. Ke2 Kg5 39. Kf1 Kh4 40.
Kg2 Bd6 0-1

[Event "I Open"]
[Site "Omegna ITA"]
[Date "2013.07.05"]
[Round "2"]
[White "Cuttaia, Giacinto"]
[Black "Bargeri, Ludovico"]
[WhiteElo "1811"]
[BlackElo "2054"]
[Result "0-1"]
[PlyCount "110"]
[EventDate "2013.07.04"]

1. e4 e6 2. d4 d5 3. exd5 exd5 4. c4 Bb4+ 5. Nc3 Nc6 6. a3 Bxc3+ 7. bxc3 Nf6 8.
Bg5 dxc4 9. Bxc4 O-O 10. Ne2 h6 11. Bh4 Bf5 12. f3 Qd6 13. O-O Ne7 14. Re1 Ned5
15. Qd2 Rfe8 16. Ng3 Bg6 17. Bd3 Bxd3 18. Qxd3 Rxe1+ 19. Rxe1 Qxa3 20. Qd2 b5
21. Re5 Qb3 22. Nf5 Re8 23. Qe1 Rxe5 24. dxe5 Ne8 25. e6 Qxc3 26. Ne7+ Kf8 27.
Nxd5 Qxe1+ 28. Bxe1 fxe6 29. Nb4 c5 30. Nc6 a6 31. Nb8 Ke7 32. Nxa6 Kd6 33. Bf2
c4 34. Bd4 e5 35. Bc3 Nf6 36. Kf1 Nd5 37. Ba5 g6 38. g3 h5 39. Ke2 g5 40. Kd2
Ke6 41. Nc7+ Nxc7 42. Bxc7 Kd5 43. Ba5 g4 44. fxg4 hxg4 45. Bb4 Ke4 46. Bc5 Kf3
47. Bd6 e4 48. Bf4 b4 49. Bd6 c3+ 50. Ke1 e3 51. Be5 e2 52. Bd4 Ke4 53. Bxc3
bxc3 54. Kxe2 Kd4 55. Kd1 Kd3 0-1

[Event "I Open"]
[Site "Omegna ITA"]
[Date "2013.07.05"]
[Round "2"]
[White "Fischetti, Luciano"]
[Black "Lo Curto, Davide"]
[WhiteElo "1585"]
[BlackElo "1416"]
[Result "1-0"]
[PlyCount "73"]
[EventDate "2013.07.04"]

1. Nf3 Nc6 2. d4 e6 3. g3 b6 4. Bg2 Bb7 5. O-O g6 6. e4 Bg7 7. c3 Nge7 8. Nbd2
d5 9. Re1 dxe4 10. Nxe4 Qd7 11. Be3 f5 12. Neg5 h6 13. Nh3 g5 14. Nd2 O-O-O 15.
f4 g4 16. Nf2 h5 17. h4 gxh3 18. Nxh3 Rhg8 19. Ng5 Nxd4 20. Bxb7+ Kxb7 21. cxd4
Bxd4 22. Qf3+ c6 23. Rad1 Bxb2 24. Nc4 Qc8 25. Nxb2 Nd5 26. Bd4 c5 27. Be5 Kc6
28. Kf2 Rde8 29. Nc4 Qd7 30. Bd6 Qc8 31. Nf7 Rg4 32. Nfe5+ Kb7 33. Nxg4 fxg4
34. Qg2 b5 35. Rxd5 exd5 36. Qxd5+ Ka6 37. Ne5 1-0

[Event "I Open"]
[Site "Omegna ITA"]
[Date "2013.07.05"]
[Round "2"]
[White "Giovarruscio, Gabriele"]
[Black "Cavagna, Marco"]
[WhiteElo "1715"]
[BlackElo "1461"]
[Result "0-1"]
[PlyCount "96"]
[EventDate "2013.07.04"]

1. d4 d5 2. c4 c6 3. Nf3 Nf6 4. Nc3 Bf5 5. e3 e6 6. Be2 Bb4 7. Bd2 Nbd7 8. O-O
O-O 9. Nh4 Re8 10. Nxf5 exf5 11. cxd5 cxd5 12. Qb3 Bxc3 13. Bxc3 Qb6 14. Rfc1
Qxb3 15. axb3 f4 16. Bb4 fxe3 17. f3 a6 18. Rc7 Rab8 19. Bd6 Re6 20. Bf4 h6 21.
Rac1 g5 22. Bg3 Kg7 23. h3 Rb6 24. R7c3 Re8 25. Kf1 Nh5 26. Bh2 Ndf6 27. Be5
Kf8 28. Rxe3 Nd7 29. Kf2 f6 30. Bh2 Rxe3 31. Kxe3 Rxb3+ 32. Bd3 Nb6 33. Bd6+
Kg8 34. Kd2 Rxb2+ 35. Rc2 Rxc2+ 36. Kxc2 Ng7 37. Kb3 Ne6 38. Kb4 Nc8 39. Bb8
Nxd4 40. Kc5 Nc6 41. Bg3 d4 42. Be4 N8e7 43. Kb6 f5 44. Bc2 Nb4 45. Bb3+ Kh7
46. Kxb7 d3 47. Bd6 Ned5 48. Bxb4 Nxb4 0-1